Innovative teaching and evaluation (Record no. 7988)

MARC details
000 -LEADER
fixed length control field 00743nam a22002537i 4500
003 - CONTROL NUMBER IDENTIFIER
control field URS
005 - DATE AND TIME OF LATEST TRANSACTION
control field 20220114153013.0
008 - FIXED-LENGTH DATA ELEMENTS--GENERAL INFORMATION
fixed length control field 160511b xxu||||| |||| 00| 0 eng d
020 ## - INTERNATIONAL STANDARD BOOK NUMBER
International Standard Book Number 9710869566
040 ## - CATALOGING SOURCE
Description conventions rda
Transcribing agency URSP-College Library
Language of cataloging eng
050 ## - LIBRARY OF CONGRESS CALL NUMBER
Item number 371.102 N34i 2009
100 1# - MAIN ENTRY--PERSONAL NAME
Personal name Nemsingh, Rosario P.
245 ## - TITLE STATEMENT
Title Innovative teaching and evaluation
Statement of responsibility, etc. Nemsingh, Rosario pages.
264 #1 - PRODUCTION, PUBLICATION, DISTRIBUTION, MANUFACTURE, AND COPYRIGHT NOTICE
Place of production, publication, distribution, manufacture Mandaluyong City
Name of producer, publisher, distributor, manufacturer National Book Store
Date of production, publication, distribution, manufacture, or copyright notice 2009.
300 ## - PHYSICAL DESCRIPTION
Extent ix, 200pages
Dimensions 23cm
336 ## - CONTENT TYPE
Content type term text
Content type code txt
Source rdacontent
337 ## - MEDIA TYPE
Media type term unmediated
Media type code n
Source rdamedia
338 ## - CARRIER TYPE
Carrier type term volume
Carrier type code nc
Source rdacarrier
500 ## - GENERAL NOTE
General note Includes index
650 #0 - SUBJECT ADDED ENTRY--TOPICAL TERM
Topical term or geographic name entry element Teaching.
650 #0 - SUBJECT ADDED ENTRY--TOPICAL TERM
Topical term or geographic name entry element Educational innovations.
700 1# - ADDED ENTRY--PERSONAL NAME
Personal name Padilla, Corazon P.
942 ## - ADDED ENTRY ELEMENTS (KOHA)
Source of classification or shelving scheme Library of Congress Classification
Koha item type Filipiniana
Holdings
Withdrawn status Source of classification or shelving scheme Damaged status Not for loan Collection code Home library Current library Shelving location Date acquired Coded location qualifier Total Checkouts Full call number Barcode Date last seen Copy number Price effective from Koha item type
  Library of Congress Classification     Non-fiction Pililla College Library Pililla College Library General Stacks 05/11/2016 purchased   371.102 N34i 2009 URSPIL-4023. 05/31/2019 2 05/11/2016 Filipiniana
  Library of Congress Classification     Non-fiction Pililla College Library Pililla College Library General Stacks 08/14/2017     371.102 N34i 2009 URSPIL-3856 05/31/2019 1 08/14/2017 Filipiniana

University of Rizal System
Email us at univlibservices@urs.edu.ph

Visit our Website www.urs.edu.ph/library